00618nam a2200217 a 450000500170000000800410001702000150005804000270007304100080010004400080010808200200011610000210013624500480015725000220020526000400022730000540026765000160032165000240033765000180036170000210037920200104041736.0160113t19691981-usd fr|||| 001 0 eng d a0716712547 aCO-BoIAVH cCO-BoIAVH 0 aeng axxu04a570.15195bS68b1 aSokal, Robert R.00aBiometry /cRobert R. Sokal, F. James Rohlf aSegunda edición aEstados Unidos :bFreeman ,cc1969. axviii, 859 páginas :bGráficos ;c24 x 16 cm. 6aBiometría 6aAnálisis de datos 6aEstadística1 aRohlf, F. James